| 000 | 00448nam a2200169Ia 4500 | ||
|---|---|---|---|
| 008 | 221030s9999 xx 000 0 und d | ||
| 020 | _a8185099146 | ||
| 041 | _aEnglish | ||
| 082 |
_a105.23 _bHaj |
||
| 100 | _aHajra Choudhary | ||
| 245 | 0 |
_aWorkshop Technology _bManufacturing Processes _cby Hajra Choudhary, Hajra Ch |
|
| 260 |
_bMedia Promoters, _aMumbai _c1997 |
||
| 300 | _a653 | ||
| 650 | _aBB Mechanics | ||
| 700 | _aHajra Ch | ||
| 942 | _cBK | ||
| 999 |
_c1308 _d1308 |
||